| 000 | 00723cam a2200205 4500 | ||
|---|---|---|---|
| 001 | X117924 | ||
| 008 | 020510n2002 000 0 eng u | ||
| 035 | _a(Sirsi) u117924 | ||
| 100 | _aWoolley, D. | ||
| 245 | _aContaminated land - the real world | ||
| 260 | _c2002 | ||
| 490 |
_aJournal of Planning and Environment Law _v[2002] JPL 5-11(7) |
||
| 520 | _aDiscusses responsibility for dealing with remediation of contaminated land problems in relation to the Environmental Protection Act 1990 as amended by the Environment Act 1995. | ||
| 650 | _aCONTAMINATED LAND | ||
| 650 | _aREMEDIATION | ||
| 650 | _aENVIRONMENTAL PROTECTION ACT 1990 | ||
| 650 | _aENVIRONMENT ACT 1995 | ||
| 650 | _aPOLLUTION | ||
| 942 | _n0 | ||
| 999 |
_c70235 _d70235 |
||